Mind, Body, World: Foundations of Cognitive Science (Record no. 294791)
[ view plain ]
| 000 -LEADER | |
|---|---|
| fixed length control field | 00357nam a2200109Ia 4500 |
| 008 - FIXED-LENGTH DATA ELEMENTS--GENERAL INFORMATION | |
| fixed length control field | 160523s9999 xx 000 0 und d |
| 245 ## - TITLE STATEMENT | |
| Title | Mind, Body, World: Foundations of Cognitive Science |
| 245 ## - TITLE STATEMENT | |
| Statement of responsibility, etc | Michael R. W. Dawson |
| 260 ## - PUBLICATION, DISTRIBUTION, ETC. (IMPRINT) | |
| Date of publication, distribution, etc | 2013 |
| 650 ## - SUBJECT ADDED ENTRY--TOPICAL TERM | |
| General subdivision | Psychology. |
| 856 ## - ELECTRONIC LOCATION AND ACCESS | |
| Uniform Resource Identifier | <a href="http://www.aupress.ca/books/120227/ebook/99Z_Dawson_2013-Mind_Body_World.pdf">http://www.aupress.ca/books/120227/ebook/99Z_Dawson_2013-Mind_Body_World.pdf</a> |
| Withdrawn status | Lost status | Damaged status | Home library | Current library | Date acquired | Total Checkouts | Date last seen | Price effective from | Koha item type |
|---|---|---|---|---|---|---|---|---|---|
| College Library | College Library | 05/23/2016 | 05/23/2016 | 05/23/2016 | Curriculum - Based eBooks |